Vplyv globálnej hospodárskej krízy na malé a stredné podniky

Funkcie MSP v hospodárskej, spoločenskej a sociálnej oblasti. Globálna hospodárska recesia a MSP.

Gespeichert in:
Bibliographische Detailangaben
1. Verfasser: Fliegová, Jana
Format: Buchkapitel
Sprache:Slowakisch
Schlagworte:
Tags: Tag hinzufügen
Keine Tags, Fügen Sie das erste Tag hinzu!

MARC

LEADER 00000nla$a2200000$$$4500
001 0148218
005 20240716094250.4
041 0 |a slo 
044 |a SK 
245 1 0 |a Vplyv globálnej hospodárskej krízy na malé a stredné podniky  |c Jana Fliegová 
520 |a Funkcie MSP v hospodárskej, spoločenskej a sociálnej oblasti. Globálna hospodárska recesia a MSP. 
610 2 0 |a prostredie podnikateľské 
610 2 0 |a podnik malý 
610 2 0 |a podnik stredný 
610 2 0 |a recesia 
610 2 0 |a produkcia hrubá 
610 2 0 |a hodnota pridaná 
610 2 0 |a zisk podnikový 
610 2 0 |a Slovensko 
100 1 |a Fliegová, Jana